Flexible exchange rates and the balans of payments essays in memory of Egon Schmen

Guardado en:
Detalles Bibliográficos
Otros Autores: Kindleberger, Charles P.
Formato: Libro
Lenguaje:inglés
Publicado: Amsterdam North-Holland Publishing Company 1981
Colección:Studies in International Economics Vol. 7
Etiquetas: Agregar Etiqueta
Sin Etiquetas, Sea el primero en etiquetar este registro!

MARC

LEADER 00000nam a2200000 4500
001 c131777
005 20041019155253.3
041 0 |a eng 
044 |a NL 
245 1 0 |a Flexible exchange rates and the balans of payments  |b essays in memory of Egon Schmen  |c Ed. Charles P. Kindleberger 
264 1 |a Amsterdam  |b North-Holland Publishing Company  |c 1981 
300 |a 368 s. 
490 1 |a Studies in International Economics  |v Vol. 7 
830 0 |a Studies in International Economics  |v Vol. 7 
700 1 |a Kindleberger, Charles P.